Central Library and Information Centre
Sibsagar Girls' College, Sivasagar : Assam

CELL BIOLOGY (Record no. 6284)

MARC details
000 -LEADER
fixed length control field 00394cam a2200169ua 4500
008 - FIXED-LENGTH DATA ELEMENTS--GENERAL INFORMATION
fixed length control field 120604n1992 II |||gr||||Z||||||eng
040 ## - CATALOGING SOURCE
Original cataloging agency MAIN
041 ## - LANGUAGE CODE
-- English
082 ## - DEWEY DECIMAL CLASSIFICATION NUMBER
Classification number 574.87 RAS
100 ## - MAIN ENTRY--PERSONAL NAME
Personal name RASTOGI, S. C.
245 ## - TITLE STATEMENT
Title CELL BIOLOGY
260 ## - PUBLICATION, DISTRIBUTION, ETC.
Place of publication, distribution, etc. NEW DELHI
Name of publisher, distributor, etc. TATA MCGREW HILL PUBLISHING CO.
Date of publication, distribution, etc. 1992
300 ## - PHYSICAL DESCRIPTION
Extent 408:
Dimensions 22CM.
942 ## - ADDED ENTRY ELEMENTS (KOHA)
Koha item type Books
653 ## - INDEX TERM--UNCONTROLLED
Uncontrolled term Cell Biology
Holdings
Withdrawn status Lost status Damaged status Not for loan Collection code Home library Current library Shelving location Date acquired Full call number Barcode Date last seen Copy number Price effective from Koha item type Public note
        REFBOT Central Library and Information Centre Sibsagar Girls College Central Library and Information Centre Sibsagar Girls College BOTANY BOOK RACK 05.02.1997 574.87 RAS 14270 27.02.2020 1 27.02.2020 Books V


Sibsagar Girl's College © 2020. All rights reserved.
Powered by Koha.
Maintained by Abhijit Borpuzari.